Statistics for Countries Bordering Iran

Click here to take the quiz!

General Stats

  • This quiz has been taken 29,659 times
    (29,658 since last reset)
  • The average score is 6 of 7

Answer Stats

Country % Correct
Iraq
99%
Afghanistan
92%
Pakistan
92%
Turkey
89%
Turkmenistan
84%
Armenia
81%
Azerbaijan
76%

Score Distribution

Percentile by Number Answered

Percent of People with Each Score

Your Score History

You have not taken this quiz since the last reset